000
00308nam a22001337a 4500
020
_a
81-89605-17-8
082
_a
827
_b
SAL/U
100
_a
SALUJA, KULDEEP
245
_a
THE UNOFFICIAL JOKE BOOK OF JAMAICA
260
_a
NOIDA
_b
THE BOOK FACTORY
_c
2005
300
_a
127
650
_a
JOKES
_z
INDIA
942
_c
BK
999
_c
5673
_d
5673